000 00536nam a2200157Ia 4500
008 230907s9999||||xx |||||||||||||| ||und||
082 _a662.6623
_bSAR
100 _aSarwat Hameed (NUST2012-60738-MCES-64112F)
_9116279
245 0 _aSimulation of fixed bed reactor for iron catalyzed fisher-tropsch reactor using MATLAB /
260 _aUSPCAS-E, NUST,
_bIslamabad :
_c2014
300 _aviii+iii+67 p. :
520 _aTH-10
650 _aMS-ESE Thesis MS Thesis
_9116280
700 _aShahid Hussain Ansari
_928893
942 _cTHE
_2ddc
999 _c601689
_d601689